000 00577nam a2200181 i 4500
001 47346
003 ES-MaACL
005 20230906161539.0
007 t|
008 030407s1977 le ||||1| eng d
245 0 0 _aCoran
_b: the meaning of the glorious Coran /
_ctranslation by Marmaduke Pickthall.
260 _aBeirut :
_bDar Al-Kitab Allubnani,
_c[1977]
300 _a826 p. (pag. var.) ;
_c22 cm.
500 _aEd. bilingüe.
630 0 4 _aCorán-
_xCrítica e interpretación.
_9120329
700 1 _aPickthall, Marmaduke.
_991858
852 _aES-MaACL
_jA-7385
_bR.96604
999 _c47346
_d47346